Жизнь как часть производственного процесса: некоторые следствия постфордизма; Проблемы управления рыночной экономикой; Т. 1

Dades bibliogràfiques
Parent link:Проблемы управления рыночной экономикой: межрегиональный сборник научных трудов/ Национальный исследовательский Томский политехнический университет (ТПУ) ; под ред. И. Е. Никулиной ; Л. Р. Тухватулиной ; Н. В. Черепановой.— , 2015
Т. 1.— 2015.— [С. 47-49]
Autor principal: Старикова Е. В. Екатерина Васильевна
Autor corporatiu: Национальный исследовательский Томский политехнический университет (ТПУ) Институт социально-гуманитарных технологий (ИСГТ) Кафедра менеджмента (МЕН)
Sumari:Заглавие с титульного экрана
Idioma:rus
Publicat: 2015
Col·lecció:Менеджмент
Matèries:
Accés en línia:http://earchive.tpu.ru/handle/11683/19019
http://www.lib.tpu.ru/fulltext/c/2015/C53/011.pdf
Format: MixedMaterials Electrònic Capítol de llibre
KOHA link:https://koha.lib.tpu.ru/cgi-bin/koha/opac-detail.pl?biblionumber=612593

MARC

LEADER 00000naa2a2200000 4500
001 612593
005 20260424145643.0
035 |a (RuTPU)RU\TPU\conf\10715 
035 |a RU\TPU\conf\10714 
090 |a 612593 
100 |a 20150619d2015 k y0rusy50 ca 
101 0 |a rus 
102 |a RU 
135 |a drgn ---uucaa 
181 0 |a i  
182 0 |a b 
200 1 |a Жизнь как часть производственного процесса: некоторые следствия постфордизма  |f Е. В. Старикова 
203 |a Текст  |c электронный 
225 1 |a Менеджмент 
300 |a Заглавие с титульного экрана 
320 |a [Библиогр.: с. 49 (4 назв.)] 
337 |a Adobe Reader 
461 1 |0 (RuTPU)RU\TPU\conf\10370  |t Проблемы управления рыночной экономикой  |o межрегиональный сборник научных трудов  |f Национальный исследовательский Томский политехнический университет (ТПУ) ; под ред. И. Е. Никулиной ; Л. Р. Тухватулиной ; Н. В. Черепановой  |d 2015 
463 1 |0 (RuTPU)RU\TPU\conf\10371  |t Т. 1  |v [С. 47-49]  |d 2015 
610 1 |a труды учёных ТПУ 
610 1 |a электронный ресурс 
610 1 |a жизнь 
610 1 |a производственные процессы 
610 1 |a постфрейдизм 
610 1 |a фордизм 
610 1 |a организация труда 
700 1 |a Старикова  |b Е. В.  |c экономист  |c доцент Томского политехнического университета, кандидат философских наук  |f 1976-  |g Екатерина Васильевна  |3 (RuTPU)RU\TPU\pers\32030 
712 0 2 |a Национальный исследовательский Томский политехнический университет (ТПУ)  |b Институт социально-гуманитарных технологий (ИСГТ)  |b Кафедра менеджмента (МЕН)  |3 (RuTPU)RU\TPU\col\18855 
801 2 |a RU  |b 63413507  |c 20210211  |g RCR 
856 4 |u http://earchive.tpu.ru/handle/11683/19019 
856 4 |u http://www.lib.tpu.ru/fulltext/c/2015/C53/011.pdf 
942 |c BK